Las lecciones de el niño Venezuela: (Registro nro. 20815)

Detalles MARC
000 -CABECERA
Campo de control 00975nam a22002417a 4500
005 - FECHA Y HORA DE LA ULTIMA TRANSACCION
Campo de control 20200205103625.0
008 - ELEMENTOS DE LONGITUD FIJA—INFORMACION GENERAL
Campo de control 200205b xxu||||| |||| 00| 0 spa d
020 ## - ISBN
ISBN 9803401793
040 ## - FUENTE DE CATALOGACIÓN
Agencia catalogadora original CO-BoIAVH
Agencia transcriptora CO-BoIAVH
041 ## - IDIOMA
Código de idioma para texto/pista de sonido o título separado Español
044 ## - PAÍS DE PUBLICACIÓN
País de publicación Venezuela
082 ## - NUMERO DE CLASIFICACION DECIMAL DEWEY
Número de clasificación 330.987
Número del ítem C82l
110 ## - ASIENTO PRINCIPAL--NOMBRE CORPORATIVO
9 (RLIN) 47450
Nombre corporativo o de jurisdicción como elemento de entrada Corporación Andina de Fomento. CAF
245 ## - MENCION DE TITULO
Título Las lecciones de el niño Venezuela:
Parte restante del título Memorias del Fenómeno El Niño 1997-1998 : Retos y propuestas para la región andina.
260 ## - PUBLICACION, DISTRIBUCION, ETC. (PIE DE IMPRENTA)
Lugar de publicación, distribución, etc. Caracas:
Nombre del editor, distribuidor, etc. Corporación Andina de Fomento,
Fecha de publicación, distribución, etc. 2000.
300 ## - DESCRIPCION FISICA
Extensión 248 Páginas:
Otros detalles físicos tablas, gráficos y mapas,
Dimensiones 28 x 22 cm.
490 ## - MENCION DE SERIE
Mención de serie Memorias del fenómeno El Niño 1997-1998:
Designación numérica/secuencial del volumen Volumen 6.
650 #0 - ASIENTO SECUNDARIO DE MATERIA - TERMINO TEMATICO
9 (RLIN) 102574
Término temático o nombre geográfico como elemento de entrada distribución territorial
650 #0 - ASIENTO SECUNDARIO DE MATERIA - TERMINO TEMATICO
9 (RLIN) 102569
Término temático o nombre geográfico como elemento de entrada Cambio climático
Subdivisión geográfica Región Andina.
650 #0 - ASIENTO SECUNDARIO DE MATERIA - TERMINO TEMATICO
9 (RLIN) 102554
Término temático o nombre geográfico como elemento de entrada Fenómeno del niño
Subdivisión general Aspectos Económicos
Subdivisión geográfica Región Andina.
651 #0 - ASIENTO SECUNDARIO DE MATERIA - NOMBRE GEOGRAFICO
9 (RLIN) 102573
Nombre geográfico Fenómeno del niño
Subdivisión general Aspectos Económicos
Subdivisión geográfica Venezuela
942 ## - ELEMENTOS ADICIONALES (KOHA)
Sistema de clasificación Dewey Decimal Classification
Tipo de ítem Libro
Existencias
Withdrawn status Lost status Sistema de Clasificación Damaged status No para préstamo Colección Ubicación Permanente Ubicación actual Fecha de adquisición Total Checkouts Número topográfico Inventario / Código de Barras Date last seen Ejemplar Price effective from Forma de adquisición Tipo de material
    Dewey Decimal Classification     General Bogotá Bogotá 05/02/2020   LB-330.987 C82l 044168 05/02/2020 Ej. 1 05/02/2020 Donación Libro